Statistics for EU Countries on the Map

Click here to take the quiz!

General Stats

  • This quiz has been taken 50 times
  • The average score is 25 of 26

Answer Stats

Country % Correct
Sweden
100%
Germany
100%
Spain
100%
Portugal
100%
Netherlands
100%
Latvia
100%
Belgium
100%
Greece
100%
Italy
100%
France
100%
Finland
100%
Estonia
100%
Romania
98%
Czech
Republic
98%
Austria
98%
Lithuania
98%
Denmark
98%
Ireland
98%
Hungary
98%
Slovakia
96%
Slovenia
96%
Luxembourg
93%
Poland
93%
Croatia
93%
Bulgaria
93%
Malta
87%

Score Distribution

Percentile by Number Answered

Percent of People with Each Score

Your Score History

You have not taken this quiz